Statistical analysis of fresh water fish in phnom penh market, វិភាគស្តិតិផលត្រីទឹកសាបស្រល់មានតំលៃសេដ្ឋកិច្ចដែលកំពុងធ្វើចរាចរក្នុងទីផ្សាររាជធានីភ្នំពេញ (Record no. 3695)
[ view plain ]
| 000 -LEADER | |
|---|---|
| fixed length control field | 00684nam a22001577a 4500 |
| 003 - CONTROL NUMBER IDENTIFIER | |
| control field | OSt |
| 005 - DATE AND TIME OF LATEST TRANSACTION | |
| control field | 20151128105848.0 |
| 008 - FIXED-LENGTH DATA ELEMENTS--GENERAL INFORMATION | |
| fixed length control field | 151128b xxu||||| |||| 00| 0 eng d |
| 040 ## - CATALOGING SOURCE | |
| Transcribing agency | RUA |
| 082 ## - DEWEY DECIMAL CLASSIFICATION NUMBER | |
| Classification number | FIS LIM 1996 B164 Or.1 |
| 100 ## - MAIN ENTRY--PERSONAL NAME | |
| 9 (RLIN) | 3974 |
| Personal name | LIM, HOUR. |
| 245 ## - TITLE STATEMENT | |
| Title | Statistical analysis of fresh water fish in phnom penh market, វិភាគស្តិតិផលត្រីទឹកសាបស្រល់មានតំលៃសេដ្ឋកិច្ចដែលកំពុងធ្វើចរាចរក្នុងទីផ្សាររាជធានីភ្នំពេញ |
| 260 ## - PUBLICATION, DISTRIBUTION, ETC. (IMPRINT) | |
| Place of publication, distribution, etc. | Phnom Penh |
| Name of publisher, distributor, etc. | RUA |
| Date of publication, distribution, etc. | 1996 |
| 300 ## - PHYSICAL DESCRIPTION | |
| Extent | 80p. |
| Other physical details | ill. |
| Dimensions | 29cm. |
| 942 ## - ADDED ENTRY ELEMENTS (KOHA) | |
| Source of classification or shelving scheme | |
| Koha item type | FIS |
| Price effective from | Date last seen | Permanent Location | Not for loan | Date acquired | Source of classification or shelving scheme | Koha item type | Barcode | Lost status | Damaged status | Shelving location | Withdrawn status | Current Location | Full call number |
|---|---|---|---|---|---|---|---|---|---|---|---|---|---|
| 2015-11-28 | 2015-11-28 | Library Block B | 2015-11-28 | FIS | RUA025584 | B164 | Library Block B | FIS LIM 1996 B164 Or.1 | |||||
| 2015-11-28 | 2015-11-28 | Library Block B | 2015-11-28 | FIS | RUA025725 | B164 | Library Block B | FIS LIM 1996 B164 Or.2 | |||||
| 2015-11-28 | 2015-11-28 | Library Block B | 2015-11-28 | FIS | RUA011089 | B164 | Library Block B | FIS LIM 1996 B164 Or.3 | |||||
| 2015-11-28 | 2015-11-28 | Library Block B | 2015-11-28 | FIS | RUA011162 | B164 | Library Block B | FIS LIM 1996 B164 Or.4 | |||||
| 2015-11-28 | 2015-11-28 | Library Block B | 2015-11-28 | FIS | RUA011158 | B164 | Library Block B | FIS LIM 1996 B164 Or.5 | |||||
| 2015-11-28 | 2015-11-28 | Library Block B | 2015-11-28 | FIS | RUA025869 | B164 | Library Block B | FIS LIM 1996 B164 Or.6 | |||||
| 2015-11-28 | 2015-11-28 | Library Block B | 2015-11-28 | FIS | RUA011017 | B164 | Library Block B | FIS LIM 1996 B164 Or.7 |